Conflicto de representaciones : (Registro nro. 9742)
[ vista simple ]
| 000 -CABECERA | |
|---|---|
| campo de control de longitud fija | 00804nam a22002890a 4500 |
| 001 - NÚMERO DE CONTROL | |
| campo de control | PT50939 |
| 003 - IDENTIFICADOR DEL NÚMERO DE CONTROL | |
| campo de control | AR-LpoUNG |
| 005 - FECHA Y HORA DE LA ÚLTIMA TRANSACCIÓN | |
| campo de control | 20210131231401.0 |
| 008 - DATOS DE LONGITUD FIJA--INFORMACIÓN GENERAL | |
| campo de control de longitud fija | 191001s2010||||cl |||||||||||||||||spa d |
| 020 ## - NÚMERO INTERNACIONAL ESTÁNDAR DEL LIBRO | |
| Número Internacional Estándar del Libro | 9789562890830 |
| Condiciones de disponibilidad | $10,50 |
| 040 ## - FUENTE DE LA CATALOGACIÓN | |
| Centro catalogador/agencia de origen | AR-LpoUNG |
| Lengua de catalogación | spa |
| Centro/agencia transcriptor | AR-LpoUNG |
| Normas de descripción | aacr |
| 041 ## - CÓDIGO DE LENGUA | |
| Código de lengua del texto/banda sonora o título independiente | spa |
| 044 ## - CÓDIGO DEL PAÍS DE LA ENTIDAD EDITORA/PRODUCTORA | |
| Código MARC del país | cl |
| 082 0# - NÚMERO DE LA CLASIFICACIÓN DECIMAL DEWEY | |
| Número de clasificación | 199.80 237con |
| 100 1# - ENTRADA PRINCIPAL--NOMBRE DE PERSONA | |
| Nombre de persona | Santos Herceg, José |
| 245 10 - MENCIÓN DE TÍTULO | |
| Título | Conflicto de representaciones : |
| Resto del título | América Latina como lugar para la filosofía |
| 250 ## - MENCIÓN DE EDICIÓN | |
| Mención de edición | 1ª ed. |
| 260 ## - PUBLICACIÓN, DISTRIBUCIÓN, ETC. | |
| Lugar de publicación, distribución, etc. | Santiago : |
| Nombre del editor, distribuidor, etc. | Fondo de Cultura Económica, |
| Fecha de publicación, distribución, etc. | 2010. |
| 300 ## - DESCRIPCIÓN FÍSICA | |
| Extensión | 300 p. : |
| Otras características físicas | il., gráfs. |
| 650 #4 - PUNTO DE ACCESO ADICIONAL DE MATERIA--TÉRMINO DE MATERIA | |
| Término de materia o nombre geográfico como elemento de entrada | AMERICA LATINA |
| 650 #4 - PUNTO DE ACCESO ADICIONAL DE MATERIA--TÉRMINO DE MATERIA | |
| Término de materia o nombre geográfico como elemento de entrada | CIVILIZACION |
| 650 #4 - PUNTO DE ACCESO ADICIONAL DE MATERIA--TÉRMINO DE MATERIA | |
| Término de materia o nombre geográfico como elemento de entrada | FILOSOFIA |
| 651 #4 - PUNTO DE ACCESO ADICIONAL DE MATERIA--NOMBRE GEOGRÁFICO | |
| Nombre geográfico | América Latina |
| 700 1# - PUNTO DE ACCESO ADICIONAL--NOMBRE DE PERSONA | |
| Nombre de persona | Fornet-Betancourt, Raúl |
| Término indicativo de función/relación | pres. |
| 905 ## - ELEMENTOS DE DATOS E LOCAL, LDE (RLIN) | |
| a | 50939 |
| 942 ## - ELEMENTOS DE PUNTO DE ACCESO ADICIONAL (KOHA) | |
| Tipo de ítem Koha | Libro |
| Estado de retiro | Estado de pérdida | Estado dañado | No para préstamo | Código de colección | Localización permanente | Ubicación/localización actual | Fecha de adquisición | Total de préstamos | Signatura topográfica completa | Código de barras | Fecha visto por última vez | Precio válido a partir de | Tipo de ítem Koha |
|---|---|---|---|---|---|---|---|---|---|---|---|---|---|
| Colección General | Biblioteca Universidad Nacional de General Sarmiento | Biblioteca Universidad Nacional de General Sarmiento | 31/01/2021 | 199.80 237con | 00056543 | 31/01/2021 | 31/01/2021 | Libro |